Cities With Most Multi-Millionaires - Statistics

General Stats
  • This quiz has been taken 899 times
  • The average score is 14 of 20
Answer Stats
# City % Correct
2,929 New York City
100%
4,224 London
96%
950 Los Angeles
96%
1,500 Paris
96%
3,525 Tokyo
92%
1,318 Beijing
89%
1,028 Shanghai
85%
2,560 Hong Kong
79%
945 Rome
79%
3,154 Singapore
74%
1,302 Seoul
67%
1,850 Mexico City
62%
1,184 Toronto
62%
1,450 Osaka
61%
1,868 Frankfurt
56%
1,113 Munich
56%
1,310 São Paulo
56%
1,314 Zurich
50%
1,255 Taipei
42%
1,156 Geneva
36%
No matching quizzes found
Score Distribution
Percent of People with Each Score
Percentile by Number Answered
Your Score History
You have not taken this quiz